000 01156nam a2200205 a 4500
001 000044393
005 20201002045337.0
008 140627s2009 dr a 000 0 spa d
040 _aDO-SdBNP
_bspa
_cBNPHU
082 _axxxx
_bxxxx
245 0 0 _aCuentos de la reserva de la biósfera :
_bJaragua, Bahoruco, Enriquillo /
_cMaría Amalia León; María Teresa Ruiz de Catrain; Natacha Calderón Cabral ; ilustraciones Tania Marmolejo.
260 _aSanto Domingo :
_bPropagas,
_c2009.
300 _a[32, 36, 36] p. :
_bil. + CD ;
_c21 cm.
505 0 _tContiene : Cuando el viento habla... /
_rMaría Amalia León
_t¡Es la tierra más hermosa que ojos jamás hayan visto!
_rMaría Teresa Ruiz de Catrain /
_tTambor y misterio al pié del guayacan /
_rNatacha Calderón Cabral
563 _aTres obras publicadas juntas con paginación independientes
700 1 2 _aCuando el viento habla...
_tLeón, María Amalia
_972402
700 1 2 _aRuiz de Catrain, María Teresa
_t¡Es la tierra más hermosa que ojos jamás hayan visto!
_972403
700 1 2 _aCalderón Cabral, Natacha
_tTambor y misterio al pié del guayacan
_972404
700 1 _aMarmolejo, Tania
_eilu.
_957579
999 _c43882
_d43882